| 000 | 00693nam a2200229 a 4500 | ||
|---|---|---|---|
| 005 | 20210219152937.0 | ||
| 008 | 991125n 000 0 u | ||
| 035 | _aUPN01000068088 | ||
| 100 | _aSmith, Mike U. | ||
| 222 | 0 | _aJOURNAL OF RESEARCH IN SCIENCE TEACHING | |
| 245 | 0 | _aComment on "identification of student misconceptions in genetics problem solving via computer program" | |
| 300 | _a383-384 | ||
| 362 | _a28, No. 4, 1991 | ||
| 505 | _aOctubre 1993 | ||
| 653 | 0 | _aCONCEPTOS CIENTIFICOS | |
| 653 | 0 | _aCONCEPTOS ERRONEOS | |
| 653 | 0 | _aDISEÑO ASISTIDO POR ORDENADOR | |
| 653 | 0 | _aEDUCACION CIENTIFICA | |
| 653 | 0 | _aGENETICA | |
| 904 |
_aAC _b005899 |
||
| 905 | _aArticulo | ||
| 999 |
_c64333 _d64333 |
||